| 000 | 01053nam a2200229Ia 4500 | ||
|---|---|---|---|
| 999 |
_c38776 _d38776 |
||
| 001 | 5125 | ||
| 003 | GE_BSU | ||
| 005 | 20190620191242.0 | ||
| 008 | 181216s2002||||ge |||||||||||||| ||geo|| | ||
| 020 | _a19875231 | ||
| 040 | _cGE_BSU | ||
| 041 | _ageo | ||
| 080 | _a69(075) ტ-92 | ||
| 100 |
_aშენგელია, ვანო. _91864 |
||
| 245 |
_aსამშენებლო წარმოების ტექნოლოგია : _b(საკურსო და სადიპლომო პროექტირება) / _c ვანო შენგელია ; რედ. ა. ტატიშვილი |
||
| 264 |
_aთბილისი : _bუნ-ტის გამ-ბა, _c2002. |
||
| 300 |
_a328 გვ. : _bნახაზები ; _c30 სმ. |
||
| 504 | _aბიბლიოგრ. : გვ. 319. | ||
| 653 | _aსამშენებლო წარმოების ტექნოლოგია | ||
| 700 |
_aტატიშვილი, ა. _eრედაქტორი _9711 |
||
| 942 |
_cBK _2udc |
||